00725nam a2200205Ia 4500001000700000003000500007008004100012010001100053040000900064082001500073110004300088245014100131260010900272300001100381503001000392650002400402650002700426650002000453710004600473Z_6065CHAP220113s1974 xx 000 0 und d a169295 cCHAP a799.26 S83 aSubsecretaría Forestal y de la Fauna aBorrego Cimarrón: Baja California temporada 1974 /cSubsecretaría Forestal y de la Fauna; Dirección General de la Fauna Silvestre aMéxico :bSubsecretaría Forestal y de la Fauna :,bDirección General de la Fauna Silvestre,c1974 a231 p. aej.1: aBorrego Cimarrón  aCazaxBaja California  aFauna silvestre aI. Subsecretaría Forestal y de la Fauna